[Event "BEL-ch U14"]
[Site "Blankenberge"]
[Date "2015.04.13"]
[Round "2"]
[White "Brackx, Theo"]
[Black "Jaspers, Willem"]
[Result "1/2-1/2"]
[WhiteElo "1549"]
[BlackElo "1329"]
[PlyCount "133"]
[EventDate "2015.04.12"]
[EventType "swiss"]
[EventRounds "9"]
[EventCountry "BEL"]
[SourceTitle "CBM 166 Extra"]
[Source "ChessBase"]
[SourceDate "2015.06.18"]
[SourceVersion "1"]
[SourceVersionDate "2015.06.18"]
[SourceQuality "1"]

1. e4 e5 2. Nf3 Nc6 3. d4 exd4 4. Nxd4 Bc5 5. Be3 Qf6 6. c3 Nge7 7. Nd2 Nxd4 8. cxd4 Bxd4 9. Bxd4 Qxd4 10. Qc2 Nc6 11. Nf3 Qb4+ 12. Qd2 Qxe4+ 13. Be2 Qb4 14. Qxb4 Nxb4 15. a3 Nc2+ 16. Kd2 Nxa1 17. Rxa1 0-0 18. Rc1 c6 19. h4 d5 20. Nd4 Be6 21. f4 Rfe8 22. Bf3 Rac8 23. b4 a5 24. g4 axb4 25. axb4 Ra8 26. b5 Ra2+ 27. Kd1 Ra3 28. Kd2 Bd7 29. Rb1 g6 30. bxc6 bxc6 31. Rb7 Be6 32. f5 gxf5 33. gxf5 Bxf5 34. Nxf5 Rxf3 35. Nd4 Rh3 36. Nxc6 Ra8 37. Na7 Rxh4 38. Kd3 Rg4 39. Rd7 d4 40. Nb5 Ra1 41. Ke2 Rg3 42. Nxd4 Ra2+ 43. Kf1 Rh3 44. Kg1 Rc3 45. Rd8+ Kg7 46. Nf5+ Kf6 47. Ne3 Rxe3 48. Rd1 h5 49. Kh1 h4 50. Kg1 Rh3 51. Re1 Rhh2 52. Re3 h3 53. Rg3 Ra1+ 54. Kxh2 Ke6 55. Kxh3 f5 56. Re3+ Kf6 57. Rf3 Kg5 58. Kg3 Rg1+ 59. Kf2 Rg4 60. Rg3 Kf6 61. Rxg4 fxg4 62. Kg3 Kg5 63. Kg2 Kh4 64. Kh2 g3+ 65. Kg2 Kg4 66. Kg1 Kf3 67. Kf1 1/2-1/2

[Event "BEL-ch U14"]
[Site "Blankenberge"]
[Date "2014.04.14"]
[Round "2"]
[White "Hammers, Michael"]
[Black "Jaspers, Willem"]
[Result "1-0"]
[WhiteElo "1625"]
[BlackElo "1319"]
[PlyCount "53"]
[EventDate "2014.04.??"]
[EventType "swiss"]
[EventRounds "9"]
[EventCountry "BEL"]
[SourceTitle "EXT 2015"]
[Source "ChessBase"]
[SourceDate "2014.11.20"]
[SourceVersion "1"]
[SourceVersionDate "2014.11.20"]
[SourceQuality "1"]

1. e4 e5 2. Nf3 Nc6 3. Bc4 Bc5 4. c3 Nf6 5. d3 d5 6. exd5 Nxd5 7. h3 0-0 8. 0-0 Re8 9. Ng5 h6 10. Qf3 Be6 11. Nxe6 fxe6 12. Qg3 Qf6 13. Nd2 Nf4 14. Qf3 Rad8 15. Ne4 Qf8 16. Bxf4 exf4 17. Nxc5 Qxc5 18. Qxf4 Ne5 19. d4 Qxc4 20. Qxe5 Rd5 21. Qg3 e5 22. Rfe1 Qb5 23. Qf3 Red8 24. dxe5 Qxb2 25. e6 Rd2 26. Qf7+ Kh7 27. e7 1-0